• 首页
  • 本馆介绍
  • 公告通知
  • 最新文献
  • 馆藏检索
  • 电子资源
  • 读者导购
  • 参考咨询
  • 我的图书馆
  • 登录
  • 详细信息显示
  • 放入我的书架
  • 预约/预借图书
  • 作者相关作品
  • 分类相关作品
  • 丛书相关作品
  • 出版社相关作品

书目信息

  • 表格格式
  • 工作单格式
  • 卡片格式
题名:
西方社会科学理论与日本研究
    
 
作者: 高柏 著
分册:  
出版信息: 北京   社会科学文献出版社  2013.11
页数: 244页
开本: 24cm
丛书名: 清华东方文库
单 册:
中图分类: K313.07
科图分类:
主题词: 日本--Ri Ben--研究 , 研究--Yan Jiu
电子资源:
ISBN: 978-7-5097-4192-4
000 01204nam0 22002771 450
001 350206
005 20161010153300.26
010    @a978-7-5097-4192-4@dCNY68.00
100    @a20151125d2013 em y0chiy0110 ea
101 0  @achi
102    @aCN@b110000
105    @ay z 000yy
106    @ar
200 1  @a西方社会科学理论与日本研究@AXi Fang She Hui Ke Xue Li Lun Yu Ri Ben Yan Jiu@e清华大学日本研究中心高级培训班讲习录@f高柏著
210    @a北京@c社会科学文献出版社@d2013.11
215    @a244页@d24cm
225 2  @a清华东方文库@AQing Hua Dong Fang Wen Ku@f李廷江,王中忱主编
330    @a本书以西方社会科学理论与日本研究之间的张力为主线,结合自己二十余年的研究经验,介绍了上个世纪八十年代以来美国日本研究中的两次范式之争,并讨论如何在全球金融危机这一新的时代背景下认识日本的现状与未来,以及日本经验与其它各国之间的历史关系与同时代性。
461  0 @12001@@a清华东方文库@f李廷江,王中忱主编
517 1  @a清华大学日本研究中心高级培训班讲习录@AQing Hua Da Xue Ri Ben Yan Jiu Zhong Xin Gao Ji Pei Xun Ban Jiang Xi Lu
606 0  @a日本@ARi Ben@x研究
606 0  @a研究@AYan Jiu
690    @aK313.07@v5
701  0 @a高柏@AGao Bai@4著
801  0 @aCN@bTANGWEI@c20160803
905    @b0888855-9@dK313.07@e52@f5
    
    西方社会科学理论与日本研究:清华大学日本研究中心高级培训班讲习录/高柏著.-北京:社会科学文献出版社,2013.11
    244页;24cm.-(清华东方文库/李廷江,王中忱主编)
    
    
    ISBN 978-7-5097-4192-4:CNY68.00
    本书以西方社会科学理论与日本研究之间的张力为主线,结合自己二十余年的研究经验,介绍了上个世纪八十年代以来美国日本研究中的两次范式之争,并讨论如何在全球金融危机这一新的时代背景下认识日本的现状与未来,以及日本经验与其它各国之间的历史关系与同时代性。
●
相关链接 在E读中查询图书 在五车中查询图书 在当当中查询图书 在豆瓣中查询图书


正题名:西方社会科学理论与日本研究     索取号:K313.07/52         预约/预借

序号 登录号 条形码 馆藏地/架位号 状态 备注
1 0888855   208888550   第二样本阅览室/ [索取号:K313.07/52] 在馆    
2 0888856   208888569   第二借阅区/ [索取号:K313.07/52] 在馆    
3 0888857   208888578   第二借阅区/ [索取号:K313.07/52] 在馆    
4 0888858   208888587   第二借阅区/ [索取号:K313.07/52] 在馆    
5 0888859   208888596   第二借阅区/ [索取号:K313.07/52] 在馆    
唐山师范学院图书馆 欢迎您!
大连网信软件有限公司© 版权所有